书目信息 |
| 题名: |
一般高等学校校舍规划面积定额
|
|
| 作者: | ;教育部 编制 | |
| 分册: | ||
| 出版信息: | 北京 高等教育出版社 1980 |
|
| 页数: | 46页 | |
| 开本: | 19cm | |
| 丛书名: | ||
| 单 册: | ||
| 中图分类: | G48 | |
| 科图分类: | ||
| 主题词: | 高等学校-建筑面积--定额--中国 , 建筑面积-高等学校--定额--中国 | |
| 电子资源: | ||
| ISBN: | ||
| 000 | 00724nam0 2200241 45 | |
| 001 | 0184005410 | |
| 005 | 20070730173228.85 | |
| 010 | @dCNY0.16 | |
| 091 | @aCN@b15010.0246 | |
| 100 | @a19950222f19841980em y0chiy0121 ea | |
| 101 | 0 | @achi |
| 102 | @aCN@b110000 | |
| 105 | @ay z 000yy | |
| 200 | 10 | @a一般高等学校校舍规划面积定额@Ayi ban gao deng xue xiao xiao she gui hua mian ji ding e@e试行@f中华人民共和国教育部编制 |
| 210 | @a北京@c高等教育出版社@d1980 | |
| 215 | @a46页@d19cm | |
| 606 | @a高等学校-建筑面积@x定额@y中国 | |
| 606 | @a建筑面积-高等学校@x定额@y中国 | |
| 690 | @aG48@v3 | |
| 711 | 02 | @a教育部@Ajiao yu bu@4编制 |
| 801 | 0 | @aCN@bTSSF@c20070730 |
| 801 | 2 | @aCN@bNLC@c20070730 |
| 905 | @a10447@dG48@e9 | |
| 一般高等学校校舍规划面积定额:试行/中华人民共和国教育部编制.-北京:高等教育出版社,1980 |
| 46页;19cm |
| ISBN :CNY0.16 |
| ● |
| 相关链接 |
|
|
|
|
正题名:一般高等学校校舍规划面积定额
索取号:G48/9
 
预约/预借
| 序号 | 登录号 | 条形码 | 馆藏地/架位号 | 状态 | 备注 |
| 1 | 0786392 | 207863926 | 第一样本阅览室/ [索取号:G48/9] | 在馆 | |
| 2 | 0787398 | 207873988 | 密集书库/ [索取号:G48/9] | 在馆 | |
| 3 | 0787399 | 207873997 | 密集书库/ [索取号:G48/9] | 在馆 |